[Event "WchT Seniors 65"]
[Site "Prague"]
[Date "2020.03.06"]
[Round "1.2"]
[White "Hort, Vlastimil"]
[Black "Pitzl, Konstantinos"]
[Result "1/2-1/2"]
[WhiteElo "2397"]
[BlackElo "2023"]
[PlyCount "34"]
[EventDate "2020.03.06"]
[EventType "team-swiss"]
[EventRounds "7"]
[EventCountry "CZE"]
[SourceTitle "CBM 195 Extra"]
[Source "ChessBase"]
[SourceDate "2020.05.31"]
[SourceVersion "1"]
[SourceVersionDate "2020.05.31"]
[SourceQuality "1"]
[WhiteTeam "Germany 65"]
[BlackTeam "Austria 65 II"]
[WhiteTeamCountry "GER"]
[BlackTeamCountry "AUT"]

1. e4 d6 2. d4 Nf6 3. Nc3 g6 4. f4 Bg7 5. Nf3 0-0 6. Bd3 Na6 7. Be3 c5 8. Bxa6 cxd4 9. Bxd4 bxa6 10. 0-0 Bb7 11. Qe2 Qc7 12. Rfe1 Rac8 13. Rad1 e6 14. Qf2 Ng4 15. Qh4 Bxd4+ 16. Nxd4 e5 17. Qxg4 exd4 1/2-1/2

[Event "Wch Seniors 65 29th"]
[Site "Bucharest"]
[Date "2019.11.12"]
[Round "1"]
[White "Pitzl, Konstantinos"]
[Black "Tamba, Dumitru"]
[Result "1-0"]
[WhiteElo "2028"]
[BlackElo "1419"]
[PlyCount "89"]
[EventDate "2019.11.12"]
[EventType "swiss"]
[EventRounds "11"]
[EventCountry "ROU"]
[SourceTitle "CBM 193 Extra"]
[Source "ChessBase"]
[SourceDate "2020.01.31"]
[SourceVersion "1"]
[SourceVersionDate "2020.01.31"]
[SourceQuality "1"]

1. Nf3 Nf6 2. g3 g6 3. Bg2 Bg7 4. 0-0 d5 5. d3 0-0 6. Nbd2 c5 7. c3 Nc6 8. e4 d4 9. Nb3 Nd7 10. cxd4 Nxd4 11. Nbxd4 cxd4 12. b3 a5 13. a4 Ra6 14. Nd2 e5 15. Ba3 Re8 16. Nc4 Bf8 17. Bxf8 Rxf8 18. f4 Qe7 19. Rc1 f5 20. exf5 exf4 21. Rxf4 Qg7 22. Bd5+ Kh8 23. Be6 gxf5 24. Bxd7 Bxd7 25. Qd2 b5 26. axb5 Bxb5 27. Nxa5 Qa7 28. b4 Re6 29. Re1 Re3 30. Rxe3 dxe3 31. Qb2+ Kg8 32. Qd4 Qxd4 33. Rxd4 Rc8 34. Nc4 Re8 35. Kf1 Kg7 36. Nd6 Re5 37. Ke2 Kf6 38. Nxb5 Rxb5 39. Kxe3 Ke5 40. Rc4 Kd6 41. Rc5 Rb7 42. Rxf5 Rxb4 43. Rh5 Rb7 44. Ke4 Ke6 45. d4 1-0

[Event "Wch Seniors 65 28th"]
[Site "Bled"]
[Date "2018.11.26"]
[Round "8"]
[White "Lotsov Har Zahav, Avraham"]
[Black "Pitzl, Konstantinos"]
[Result "1/2-1/2"]
[WhiteElo "1700"]
[BlackElo "2020"]
[PlyCount "58"]
[EventDate "2018.11.18"]
[EventType "swiss"]
[EventRounds "11"]
[EventCountry "SLO"]
[SourceTitle "CBM 187 Extra"]
[Source "ChessBase"]
[SourceDate "2018.11.04"]
[SourceVersion "1"]
[SourceVersionDate "2018.11.04"]
[SourceQuality "1"]

1. Nf3 Nf6 2. b3 g6 3. Bb2 Bg7 4. g3 0-0 5. Bg2 d6 6. 0-0 c6 7. d3 e5 8. Nbd2 Re8 9. e4 Nbd7 10. Nc4 Bf8 11. a4 Qc7 12. Ne3 Nc5 13. Ng5 Bg7 14. f4 h6 15. fxe5 dxe5 16. Nh3 Ne6 17. Nf2 h5 18. Nc4 Nh7 19. Qd2 Nd4 20. Nh3 Bxh3 21. Bxh3 Rad8 22. Rf2 Re7 23. Bc3 c5 24. Raf1 b6 25. Qd1 Rf8 26. Ne3 Qd6 27. Nd5 Rb7 28. Be1 f5 29. Bg2 Rbf7 1/2-1/2

[Event "Wch Seniors 65 28th"]
[Site "Bled"]
[Date "2018.11.25"]
[Round "7"]
[White "Marcovici, Adrian"]
[Black "Pitzl, Konstantinos"]
[Result "1/2-1/2"]
[WhiteElo "1910"]
[BlackElo "2020"]
[PlyCount "25"]
[EventDate "2018.11.18"]
[EventType "swiss"]
[EventRounds "11"]
[EventCountry "SLO"]
[SourceTitle "CBM 187 Extra"]
[Source "ChessBase"]
[SourceDate "2018.11.04"]
[SourceVersion "1"]
[SourceVersionDate "2018.11.04"]
[SourceQuality "1"]

1. e4 d6 2. d4 Nf6 3. Nc3 g6 4. Nf3 Bg7 5. Be2 0-0 6. 0-0 c6 7. a4 a5 8. h3 Nbd7 9. Be3 e5 10. dxe5 dxe5 11. Qd2 Qe7 12. Rfd1 Qb4 13. Bd3 1/2-1/2

[Event "Wch Seniors 65 28th"]
[Site "Bled"]
[Date "2018.11.22"]
[Round "5"]
[White "Pitzl, Konstantinos"]
[Black "Cokan, Mirko"]
[Result "1/2-1/2"]
[WhiteElo "2020"]
[BlackElo "1677"]
[PlyCount "82"]
[EventDate "2018.11.18"]
[EventType "swiss"]
[EventRounds "11"]
[EventCountry "SLO"]
[SourceTitle "CBM 187 Extra"]
[Source "ChessBase"]
[SourceDate "2018.11.04"]
[SourceVersion "1"]
[SourceVersionDate "2018.11.04"]
[SourceQuality "1"]

1. Nf3 Nc6 2. g3 d5 3. Bg2 e5 4. d3 h6 5. 0-0 Bd6 6. Nbd2 Be6 7. e4 dxe4 8. dxe4 Qd7 9. c3 Nf6 10. Qc2 Bh3 11. Nc4 Bxg2 12. Kxg2 0-0 13. Ne3 Qe6 14. Nf5 Kh7 15. Be3 Rad8 16. b3 b6 17. h3 Ne7 18. N3h4 Neg8 19. Nf3 Rfe8 20. Rad1 Bf8 21. g4 Qc6 22. Ng3 Rxd1 23. Rxd1 g6 24. c4 a5 25. g5 Nh5 26. Nxh5 gxh5 27. Rd5 f6 28. gxh6 Ne7 29. Nh4 Bxh6 30. Bxh6 Rg8+ 31. Kf1 Kxh6 32. Qd2+ Kh7 33. Rd7 Rg7 34. Qd3 Qe6 35. Rd8 Nc6 36. Ra8 Rd7 37. Qf3 Qf7 38. Qf5+ Kg7 39. Qf3 Nd4 40. Nf5+ Nxf5 41. Qxf5 Rd4 1/2-1/2

[Event "Wch Seniors 65 28th"]
[Site "Bled"]
[Date "2018.11.18"]
[Round "1"]
[White "Pitzl, Konstantinos"]
[Black "Ostrowski, Michal"]
[Result "1-0"]
[WhiteElo "2020"]
[BlackElo "1187"]
[PlyCount "80"]
[EventDate "2018.11.18"]
[EventType "swiss"]
[EventRounds "11"]
[EventCountry "SLO"]
[SourceTitle "CBM 187 Extra"]
[Source "ChessBase"]
[SourceDate "2018.11.04"]
[SourceVersion "1"]
[SourceVersionDate "2018.11.04"]
[SourceQuality "1"]

1. Nf3 d6 2. g3 c6 3. Bg2 g6 4. 0-0 Bg7 5. c4 Nh6 6. Nc3 0-0 7. d4 Nf5 8. e4 Nh6 9. h3 Nd7 10. Be3 c5 11. Qd2 cxd4 12. Nxd4 Ne5 13. Bxh6 Nxc4 14. Qe2 Bxd4 15. Qxc4 Bg7 16. Bxg7 Kxg7 17. Rac1 Be6 18. Qd4+ f6 19. f4 Qb6 20. Qxb6 axb6 21. a3 Bc4 22. Rfe1 b5 23. Bf1 Bxf1 24. Rxf1 Rfc8 25. Nxb5 Rc6 26. Rxc6 bxc6 27. Nd4 c5 28. Ne6+ Kf7 29. Nc7 Ra4 30. e5 dxe5 31. fxe5 f5 32. e6+ Kf6 33. Re1 Re4 34. Rxe4 fxe4 35. Kf2 Ke5 36. Ke3 Kd6 37. Nb5+ Kd5 38. Nc3+ Kc4 39. Nxe4 Kb3 40. Nxc5+ Kxb2 1-0

[Event "WchT Seniors 65"]
[Site "Hersonissos"]
[Date "2017.05.02"]
[Round "9.4"]
[White "Pushkov, Nikolai"]
[Black "Pitzl, Konstantinos"]
[Result "1-0"]
[WhiteElo "2335"]
[BlackElo "2001"]
[PlyCount "105"]
[EventDate "2017.04.24"]
[EventType "team-swiss"]
[EventRounds "9"]
[EventCountry "GRE"]
[SourceTitle "CBM 178 Extra"]
[Source "ChessBase"]
[SourceDate "2017.06.22"]
[SourceVersion "1"]
[SourceVersionDate "2017.06.22"]
[SourceQuality "1"]
[WhiteTeam "Russia"]
[BlackTeam "Steiermark"]
[WhiteTeamCountry "RUS"]
[BlackTeamCountry "AUT"]

1. Nf3 Nf6 2. g3 g6 3. b3 Bg7 4. Bb2 0-0 5. Bg2 d6 6. d4 c5 7. 0-0 cxd4 8. Nxd4 Nbd7 9. c4 a6 10. Nc3 Rb8 11. Qd2 Nc5 12. Rfd1 Qb6 13. h3 Bd7 14. e3 Rbd8 15. Nde2 Bc6 16. Nd5 Bxd5 17. cxd5 Nfe4 18. Qc2 Bxb2 19. Qxb2 Nf6 20. Rac1 Rc8 21. h4 h5 22. Bh3 Ncd7 23. Qd2 Rxc1 24. Rxc1 Ne5 25. Bg2 Nfg4 26. Qc3 Qb5 27. Nd4 Qd3 28. f4 Qxc3 29. Rxc3 Nd7 30. Rc7 Ndf6 31. Rxb7 Nxe3 32. Rxe7 Nxg2 33. Kxg2 Nxd5 34. Rd7 Nc3 35. Rxd6 Nxa2 36. Rxa6 Nb4 37. Rd6 Ra8 38. f5 Ra2+ 39. Kf3 Nd3 40. fxg6 Ne5+ 41. Kf4 Nxg6+ 42. Kg5 Ra5+ 43. Kf6 Ne5 44. Rd8+ Kh7 45. b4 Ng4+ 46. Kxf7 Ra3 47. b5 Rxg3 48. b6 Nh6+ 49. Ke8 Rg8+ 50. Kd7 Rg7+ 51. Kc6 Nf7 52. Rd5 Rg6+ 53. Kc7 1-0

[Event "WchT Seniors 65"]
[Site "Hersonissos"]
[Date "2017.04.30"]
[Round "7.4"]
[White "Pitzl, Konstantinos"]
[Black "Haubt, Georg"]
[Result "1-0"]
[WhiteElo "2001"]
[BlackElo "2179"]
[PlyCount "51"]
[EventDate "2017.04.24"]
[EventType "team-swiss"]
[EventRounds "9"]
[EventCountry "GRE"]
[SourceTitle "CBM 178 Extra"]
[Source "ChessBase"]
[SourceDate "2017.06.22"]
[SourceVersion "1"]
[SourceVersionDate "2017.06.22"]
[SourceQuality "1"]
[WhiteTeam "Steiermark"]
[BlackTeam "Germany"]
[WhiteTeamCountry "AUT"]
[BlackTeamCountry "GER"]

1. Nf3 d5 2. g3 Nc6 3. Bg2 Bf5 4. d3 Qd7 5. 0-0 Bh3 6. c4 Bxg2 7. Kxg2 d4 8. a3 a5 9. e3 0-0-0 10. e4 h5 11. h4 Nh6 12. b4 Ng4 13. Qa4 f5 14. Nbd2 e6 15. b5 Nb8 16. Qxa5 Bc5 17. exf5 exf5 18. Nb3 b6 19. Qa4 Rde8 20. Bf4 Re2 21. Nxc5 bxc5 22. Kg1 Rhe8 23. Qa7 Rb2 24. Rae1 Rxe1 25. Rxe1 Nxf2 26. Re8+ 1-0

[Event "Wch Seniors 65 26th"]
[Site "Marianske Lazne"]
[Date "2016.11.23"]
[Round "5"]
[White "Simkin, Alexander"]
[Black "Pitzl, Konstantinos"]
[Result "1/2-1/2"]
[WhiteElo "1782"]
[BlackElo "2004"]
[PlyCount "87"]
[EventDate "2016.11.19"]
[EventType "swiss"]
[EventRounds "11"]
[EventCountry "CZE"]
[SourceTitle "CBM 175 Extra"]
[Source "ChessBase"]
[SourceDate "2016.12.12"]
[SourceVersion "1"]
[SourceVersionDate "2016.12.12"]
[SourceQuality "1"]

1. d4 Nf6 2. Nf3 g6 3. c4 Bg7 4. Nc3 0-0 5. e4 d6 6. Be2 Nbd7 7. 0-0 e5 8. d5 a5 9. a4 Nc5 10. Qc2 Bd7 11. Be3 Na6 12. h3 Nh5 13. Nh2 Nf4 14. Bxf4 exf4 15. Nf3 Nc5 16. Rfe1 f5 17. exf5 Bxf5 18. Qd1 Qf6 19. Ra3 Rae8 20. Qd2 g5 21. Nh2 Bg6 22. Ng4 Qe7 23. Nb5 h5 24. Nh2 b6 25. Nd4 Qf6 26. Nb5 Re7 27. b4 axb4 28. Qxb4 Rfe8 29. Qd2 Qb2 30. Ra2 Qxd2 31. Rxd2 Bd3 32. Kf1 Rxe2 33. Rexe2 Bxc4 34. Nxc7 Rxe2 35. Rxe2 Nxa4 36. Ke1 Bxe2 37. Kxe2 Nc3+ 38. Kd3 b5 39. Nf3 g4 40. hxg4 hxg4 41. Nd2 Be5 42. Ne4 b4 43. Nxc3 bxc3 44. Nb5 1/2-1/2

[Event "EU-chT Seniors 65"]
[Site "Chalkidiki"]
[Date "2016.04.23"]
[Round "5.4"]
[White "Henrichsen, Erland"]
[Black "Pitzl, Konstantinos"]
[Result "1/2-1/2"]
[WhiteElo "1941"]
[BlackElo "1989"]
[PlyCount "24"]
[EventDate "2016.04.19"]
[EventType "team-tourn"]
[EventRounds "9"]
[EventCountry "GRE"]
[SourceTitle "CBM 172 Extra"]
[Source "ChessBase"]
[SourceDate "2016.06.21"]
[SourceVersion "1"]
[SourceVersionDate "2016.06.21"]
[SourceQuality "1"]
[WhiteTeam "Norway"]
[BlackTeam "Steiermark"]
[WhiteTeamCountry "NOR"]
[BlackTeamCountry "AUT"]

1. d4 c5 2. d5 g6 3. Bf4 d6 4. Nf3 Bg7 5. c3 Nf6 6. Qb3 0-0 7. Nbd2 Na6 8. e4 Nc7 9. Bd3 b5 10. Qd1 e5 11. Bg5 c4 12. Be2 a6 1/2-1/2

[Event "EU-chT Seniors"]
[Site "Sibenik"]
[Date "2014.04.06"]
[Round "6.10"]
[White "Pitzl, Konstantinos"]
[Black "Danner, Lambert"]
[Result "1/2-1/2"]
[WhiteElo "2060"]
[BlackElo "2101"]
[PlyCount "110"]
[EventDate "2014.04.01"]
[EventType "team-swiss"]
[EventRounds "9"]
[EventCountry "CRO"]
[SourceTitle "CBM 159 Extra"]
[Source "ChessBase"]
[SourceDate "2014.04.24"]
[SourceVersion "1"]
[SourceVersionDate "2014.04.24"]
[SourceQuality "1"]
[WhiteTeam "Austria Steiermark Seniors"]
[BlackTeam "Austria Niederoesterreich Seniors"]
[WhiteTeamCountry "AUT"]
[BlackTeamCountry "AUT"]

1. e4 Nf6 2. Nc3 d6 3. d4 Nbd7 4. Nf3 e5 5. Be2 c6 6. h3 Be7 7. 0-0 0-0 8. Be3 Qc7 9. Nd2 b5 10. a3 a6 11. f4 Bb7 12. Bf3 Rfe8 13. Qe1 c5 14. d5 exf4 15. Bxf4 Bd8 16. Qg3 Ne5 17. Rad1 Nfd7 18. h4 Bf6 19. h5 Qd8 20. Be2 Bh4 21. Qh2 Bg5 22. Qg3 h6 23. Nf3 Nxf3+ 24. Qxf3 Bxf4 25. Qxf4 Ne5 26. Bg4 Bc8 27. Bxc8 Rxc8 28. Ne2 Qg5 29. Ng3 Rcd8 30. b3 Rd7 31. Rde1 Qxf4 32. Rxf4 g6 33. Ref1 Kg7 34. Rf6 a5 35. R6f4 c4 36. Rf6 Rc8 37. hxg6 fxg6 38. Re6 cxb3 39. cxb3 Rc3 40. Ne2 Rxb3 41. Nd4 Rb2 42. Re8 h5 43. Ne6+ Kh6 44. Rff8 h4 45. Rf4 g5 46. Rh8+ Kg6 47. Rf5 Nf7 48. Rg8+ Kh6 49. Rg7 Ne5 50. Rgxg5 Rf7 51. Rh5+ Kg6 52. Rhg5+ Kh6 53. Rh5+ Kg6 54. Nf4+ Kg7 55. Ne6+ Kg6 1/2-1/2

[Event "EU-chT Seniors"]
[Site "Sibenik"]
[Date "2014.04.03"]
[Round "3.6"]
[White "Morant, Paul"]
[Black "Pitzl, Konstantinos"]
[Result "0-1"]
[WhiteElo "2149"]
[BlackElo "2060"]
[PlyCount "74"]
[EventDate "2014.04.01"]
[EventType "team-swiss"]
[EventRounds "9"]
[EventCountry "CRO"]
[SourceTitle "CBM 159 Extra"]
[Source "ChessBase"]
[SourceDate "2014.04.24"]
[SourceVersion "1"]
[SourceVersionDate "2014.04.24"]
[SourceQuality "1"]
[WhiteTeam "Finland Seniors"]
[BlackTeam "Austria Steiermark Seniors"]
[WhiteTeamCountry "FIN"]
[BlackTeamCountry "AUT"]

1. e4 g6 2. d4 Bg7 3. Nf3 d6 4. Nc3 Nf6 5. Be2 0-0 6. h3 c6 7. Be3 Qc7 8. Qd2 Nbd7 9. Bh6 e5 10. Bxg7 Kxg7 11. dxe5 dxe5 12. Qe3 b6 13. Qg5 h6 14. Qe3 Nc5 15. g4 Ne6 16. 0-0-0 b5 17. Rdg1 b4 18. Nb1 c5 19. Nbd2 Bb7 20. Bc4 Nf4 21. g5 hxg5 22. Rxg5 Rae8 23. h4 N6h5 24. Rhg1 Qd6 25. Rd1 Qc7 26. Nb3 f6 27. Rxh5 Nxh5 28. Nxc5 Bc8 29. Rg1 Rh8 30. Bb3 Re7 31. Ne1 Nf4 32. Ned3 Rxh4 33. Nxb4 Rh3 34. f3 Ne2+ 35. Qxe2 Qxc5 36. Rxg6+ Kxg6 37. Qg2+ Kh6 0-1

[Event "EU-chT Seniors 15th"]
[Site "Dresden"]
[Date "2013.07.26"]
[Round "7"]
[White "Pitzl, Konstantinos"]
[Black "Grassmann, Heinz"]
[Result "1-0"]
[WhiteElo "2055"]
[BlackElo "1941"]
[PlyCount "35"]
[EventDate "2013.07.20"]
[EventType "team-swiss"]
[EventRounds "9"]
[EventCountry "GER"]
[SourceTitle "CBM 155 Extra"]
[Source "ChessBase"]
[SourceDate "2013.08.26"]
[SourceVersion "1"]
[SourceVersionDate "2013.08.26"]
[SourceQuality "1"]
[WhiteTeam "Steiermark"]
[BlackTeam "Magdeburg Ottonen"]
[WhiteTeamCountry "AUT"]
[BlackTeamCountry "GER"]

1. Nf3 d5 2. g3 Nf6 3. Bg2 Nc6 4. c4 d4 5. 0-0 Bf5 6. d3 Qd7 7. b4 a6 8. b5 axb5 9. cxb5 Na5 10. Na3 c5 11. Ne5 Qe6 12. Nac4 Nxc4 13. Nxc4 Nd5 14. e4 dxe3 15. Bxe3 Nxe3 16. fxe3 0-0-0 17. e4 Bg6 18. Qa4 1-0

[Event "EU-chT Seniors 15th"]
[Site "Dresden"]
[Date "2013.07.23"]
[Round "4"]
[White "Dawson, Alastair G"]
[Black "Pitzl, Konstantinos"]
[Result "1/2-1/2"]
[WhiteElo "1900"]
[BlackElo "2055"]
[PlyCount "73"]
[EventDate "2013.07.20"]
[EventType "team-swiss"]
[EventRounds "9"]
[EventCountry "GER"]
[SourceTitle "CBM 155 Extra"]
[Source "ChessBase"]
[SourceDate "2013.08.26"]
[SourceVersion "1"]
[SourceVersionDate "2013.08.26"]
[SourceQuality "1"]
[WhiteTeam "Scotland"]
[BlackTeam "Steiermark"]
[WhiteTeamCountry "SCO"]
[BlackTeamCountry "AUT"]

1. d4 Nf6 2. Nf3 g6 3. Nc3 Bg7 4. e4 d6 5. h3 0-0 6. Be3 c6 7. a4 a5 8. Be2 Qc7 9. 0-0 Nbd7 10. Nd2 b6 11. f4 e5 12. dxe5 dxe5 13. Nc4 Ba6 14. Nxe5 Bxe2 15. Qxe2 Nxe5 16. fxe5 Qxe5 17. Bxb6 Rab8 18. Qe3 Nd5 19. exd5 cxd5 20. Qxe5 Bxe5 21. Bxa5 Rxb2 22. Nxd5 Rxc2 23. Rac1 Ra2 24. Bc3 Bxc3 25. Nxc3 Ra3 26. Nb5 Rxa4 27. Rc7 Ra6 28. Rd1 Rb6 29. Nc3 h6 30. Rdd7 Kg7 31. Ne4 Re6 32. Re7 Rxe7 33. Rxe7 Rd8 34. Kf2 Rd5 35. Ke3 Rd1 36. Ke2 Rd5 37. Ke3 1/2-1/2